| 000 | 01447cam a22003494a 4500 | ||
|---|---|---|---|
| 001 | 14236803 | ||
| 003 | OSt | ||
| 005 | 20170105102902.0 | ||
| 008 | 060120s2007 enk b 001 0 eng | ||
| 010 | _a 2006002171 | ||
| 020 | _a071465714X (hardback) | ||
| 020 | _a9780714657141 (hardback) | ||
| 035 | _a(OCoLC)ocm63125960 | ||
| 035 |
_a(OCoLC)63125960 _z(OCoLC)79412878 |
||
| 040 |
_aDLC _cDLC _dBAKER _dYDXCP _dOCLCQ _dC#P _dBTCTA _dDLC |
||
| 043 | _an-us--- | ||
| 050 | 0 | 0 |
_aUF533 _b.M57 2007 |
| 082 | 0 | 0 |
_a338.4735 _bHOY 2007 |
| 100 | 1 |
_aHoyt, Timothy D., _d1960- |
|
| 245 | 1 | 0 |
_aMilitary industry and regional defence policy : _bIndia, Iraq, and Israel / _cTimothy D. Hoyt. |
| 260 |
_aLondon ; _aNew York : _bRoutledge, _c2007. |
||
| 300 |
_axv, 292 p. ; _c25 cm. |
||
| 440 | 0 | _aCass military studies | |
| 504 | _aIncludes bibliographical references (p. [268]-282) and index. | ||
| 650 | 0 |
_aDefense industries _zUnited States. |
|
| 651 | 0 |
_aUnited States _xMilitary policy. |
|
| 856 | 4 | 1 |
_3Table of contents only _uhttp://www.loc.gov/catdir/toc/ecip067/2006002171.html |
| 856 | 4 | 2 |
_3Publisher description _uhttp://www.loc.gov/catdir/enhancements/fy0654/2006002171-d.html |
| 906 |
_a7 _bcbc _corignew _d1 _eecip _f20 _gy-gencatlg |
||
| 942 |
_2ddc _cBK |
||
| 999 |
_c14687 _d14687 |
||